| 000 | 00846nam a2200229 a 4500 | ||
|---|---|---|---|
| 001 | 000019941 | ||
| 005 | 20200929170211.0 | ||
| 008 | 100709s1977 sp r 000 p spa d | ||
| 020 | _a8432302708 | ||
| 040 |
_aDO-SdBNP _bspa _cBNPHU |
||
| 082 |
_a861.09 _bCh527e |
||
| 100 | 1 |
_aChevallier, Marie, _d1910-1942 _942521 |
|
| 245 | 1 | 3 |
_aLa escritura poética de Miguel Hernández / _cMarie Chevallier ; traducción Arcadio Pardo. |
| 260 |
_aMadrid : _bSiglo Veintiuno Editores, _c1977. |
||
| 300 |
_a545 p. ; _c21 cm. |
||
| 500 | _aIncluye referencias bibliográficas y notas al pie de las páginas. | ||
| 500 | _aIncluye biografía de Miguel Hernández Gilabert en la contracubierta. | ||
| 650 | 4 |
_aPoesía española _xHistoria y crítica _98687 |
|
| 650 | 4 |
_aLiteratura española _9632 |
|
| 700 | 1 |
_aPardo, Arcadio, _etr. _914276 |
|
| 049 | _aBNGR | ||
| 999 |
_c19454 _d19454 |
||